Real Valladolid CF Squad 2019-2020 - Statistics

General Stats
  • This quiz has been taken 9 times
  • The average score is 15 of 31
Answer Stats
# Position Nation Player % Correct
9 FW Turkey Enes Ünal
100%
1 GK Spain Jordi Masip
100%
24 DF Spain Joaquín Fernández
80%
22 DF Spain Nacho Martínez
80%
2 DF Spain Pedro Porro
80%
20 FW Spain Sandro Ramírez
80%
7 FW Spain Sergi Guardiola
80%
13 GK Ukraine Andriy Lunin
60%
8 MF Morocco Anuar
60%
21 MF Spain Míchel Herrero
60%
27 DF Ghana Mohammed Salisu
60%
10 FW Spain Óscar Plano
60%
19 FW Spain Toni Villa
60%
18 DF Spain Antoñito
40%
16 MF Spain Fede San Emeterio
40%
3 MF France Hatem Ben Arfa
40%
5 DF Spain Javi Sánchez
40%
4 DF Spain Kiko Olivas
40%
6 DF Spain Raúl Carnero
40%
14 MF Spain Rubén Alcaraz
40%
- Coach Spain Sergio González
40%
31 FW Ecuador Stiven Plaza
40%
15 MF Spain Álvaro Aguado
20%
3 DF Italy Federico Barba
20%
17 DF Spain Javi Moyano
20%
12 FW Spain Jorge de Frutos
20%
13 GK Spain José Antonio Caro
20%
6 MF Spain Luismi
20%
8 MF Brazil Matheus Fernandes
20%
11 FW Spain Pablo Hervías
20%
23 FW Spain Waldo Rubio
20%
No matching quizzes found
Score Distribution
Percent of People with Each Score
Percentile by Number Answered
Your Score History
You have not taken this quiz